Home Print Resources E-Books E-Journals IIMT Lecture Series Library Membership Form Book Recommendation Form Campus Tour Take AdmissionAbout Us Contact Us

TRAINING FOR ORGANISATIONAL TRANSFORMATION (Record no. 2247)

000 -LEADER
fixed length control field 00379nam a2200157Ia 4500
003 - CONTROL NUMBER IDENTIFIER
control field OSt
005 - DATE AND TIME OF LATEST TRANSACTION
control field 20240329123439.0
008 - FIXED-LENGTH DATA ELEMENTS--GENERAL INFORMATION
fixed length control field 170524s9999 xx 000 0 und d
020 ## - INTERNATIONAL STANDARD BOOK NUMBER
International Standard Book Number 978-0761994732
040 ## - CATALOGING SOURCE
Transcribing agency iimtu meerut
100 ## - MAIN ENTRY--PERSONAL NAME
Personal name LYNTON- PAREEK
100 ## - MAIN ENTRY--PERSONAL NAME
Titles and words associated with a name 2006
245 #0 - TITLE STATEMENT
Title TRAINING FOR ORGANISATIONAL TRANSFORMATION
260 ## - PUBLICATION, DISTRIBUTION, ETC.
Place of publication, distribution, etc. SAGE PUBLICATION
942 ## - ADDED ENTRY ELEMENTS (KOHA)
Source of classification or shelving scheme
Koha item type Book Bank
Holdings
Withdrawn status Lost status Source of classification or shelving scheme Damaged status Not for loan Home library Current library Date acquired Total Checkouts Barcode Date last seen Price effective from Koha item type
          IIMT University Central Library Meerut IIMT University Central Library Meerut 06/01/2017   01-B-12737 06/01/2017 06/01/2017 Book Bank
          IIMT University Central Library Meerut IIMT University Central Library Meerut 06/01/2017   01-B-12738 06/01/2017 06/01/2017 Book Bank
          IIMT University Central Library Meerut IIMT University Central Library Meerut 06/01/2017   01-B-12739 06/01/2017 06/01/2017 Book Bank
          IIMT University Central Library Meerut IIMT University Central Library Meerut 06/01/2017   01-B-12740 06/01/2017 06/01/2017 Book Bank
          IIMT University Central Library Meerut IIMT University Central Library Meerut 06/01/2017   01-B-12741 06/01/2017 06/01/2017 Book Bank
          IIMT University Central Library Meerut IIMT University Central Library Meerut 06/01/2017   01-B-12742 06/01/2017 06/01/2017 Book Bank
          IIMT University Central Library Meerut IIMT University Central Library Meerut 06/01/2017   01-B-12743 06/01/2017 06/01/2017 Book Bank
          IIMT University Central Library Meerut IIMT University Central Library Meerut 06/01/2017   01-B-12744 06/01/2017 06/01/2017 Book Bank
          IIMT University Central Library Meerut IIMT University Central Library Meerut 06/01/2017   01-B-12745 06/01/2017 06/01/2017 Book Bank
          IIMT University Central Library Meerut IIMT University Central Library Meerut 06/01/2017   01-B-12746 06/01/2017 06/01/2017 Book Bank
IIMT, Central Library. All Rights Reserved IIMT,UNIVERSITY © 2023
Implemented and Customised by I CLOUDE EMS
You Are OPAC Visitor No
free web counter

Powered by Koha